书目信息 |
| 题名: |
学术论文写作教程
|
|
| 作者: | 李阳 , 崔扬 编著 | |
| 分册: | ||
| 出版信息: | 长春 吉林大学出版社 2018 |
|
| 页数: | 222页 | |
| 开本: | 24cm | |
| 丛书名: | ||
| 单 册: | ||
| 中图分类: | C43 , C4 | |
| 科图分类: | ||
| 主题词: | 人文科学--论文--写作--教材 , 社会科学--教育 , 社会科学--普及教育 | |
| 电子资源: | ||
| ISBN: | 978-7-5692-1783-4 | |
| 000 | 00949nam0 2200265 450 | |
| 001 | 2342630143 | |
| 005 | 20231130115048.46 | |
| 010 | @a978-7-5692-1783-4@dCNY45.00 | |
| 100 | @a20180714d2018 em y0chiy50 ea | |
| 101 | 0 | @achi |
| 102 | @aCN@b220000 | |
| 105 | @ay z 000yy | |
| 200 | 1 | @a学术论文写作教程@Axue shu lun wen xie zuo jiao cheng@e人文类@f李阳,崔扬编著 |
| 210 | @a长春@c吉林大学出版社@d2018 | |
| 215 | @a222页@d24cm | |
| 330 | @a本书共分八章。前两章为一个部分,定位在论文写作的通识教育,内容涵盖学术论文的本体特征,及标题、摘要、关键词、正文、结语等论文主体部分的写作规范。后六章为一个部分,从问题意识、理论方法、谋篇布局、资料应用等方面展开深入讨论。 | |
| 606 | 0 | @a人文科学@x论文@x写作@j教材 |
| 606 | 0 | @a社会科学@x教育 |
| 606 | 0 | @a社会科学@x普及教育 |
| 690 | @aC43@v5 | |
| 690 | @aC4@v4 | |
| 701 | 0 | @a李阳@Ali yang@4编著 |
| 701 | 0 | @a崔扬@Acui yang@4编著 |
| 801 | 0 | @aCN@b山东中教@c20231126 |
| 905 | @aBZT@dC4@e3 | |
| 学术论文写作教程:人文类/李阳,崔扬编著.-长春:吉林大学出版社,2018 |
| 222页;24cm |
| ISBN 978-7-5692-1783-4:CNY45.00 |
| 本书共分八章。前两章为一个部分,定位在论文写作的通识教育,内容涵盖学术论文的本体特征,及标题、摘要、关键词、正文、结语等论文主体部分的写作规范。后六章为一个部分,从问题意识、理论方法、谋篇布局、资料应用等方面展开深入讨论。 |
| ● |
| 相关链接 |
|
|
|
正题名:学术论文写作教程
索取号:C4/3
 
预约/预借
| 序号 | 登录号 | 条形码 | 馆藏地/架位号 | 状态 | 备注 |
| 1 | 2001233195 | 2001233195 | 中教(第二批第二书库)/山东中教(第二批)/1384/ [索取号:C4/3] | 在馆 | |
| 2 | 2001233196 | 2001233196 | 中教(第二批第二书库)/山东中教(第二批)/1384/ [索取号:C4/3] | 在馆 | |
| 3 | 2001233197 | 2001233197 | 中教(第二批第二书库)/山东中教(第二批)/1384/ [索取号:C4/3] | 在馆 | |
| 4 | 2001233198 | 2001233198 | 中教(第二批第二书库)/山东中教(第二批)/1384/ [索取号:C4/3] | 在馆 | |
| 5 | 2001233199 | 2001233199 | 中教(第二批第二书库)/山东中教(第二批)/1384/ [索取号:C4/3] | 在馆 | |
| 6 | 2001233200 | 2001233200 | 中教(第二批第二书库)/山东中教(第二批)/1384/ [索取号:C4/3] | 在馆 | |
| 7 | 2001233201 | 2001233201 | 中教(第二批第二书库)/山东中教(第二批)/1384/ [索取号:C4/3] | 在馆 | |
| 8 | 2001233202 | 2001233202 | 中教(第二批第二书库)/山东中教(第二批)/1384/ [索取号:C4/3] | 在馆 | |
| 9 | 2001233203 | 2001233203 | 中教(第二批第二书库)/山东中教(第二批)/1384/ [索取号:C4/3] | 在馆 | |
| 10 | 2001233204 | 2001233204 | 中教(第二批第二书库)/山东中教(第二批)/1384/ [索取号:C4/3] | 在馆 | |
| 11 | 2001233205 | 2001233205 | 中教(第二批第二书库)/山东中教(第二批)/1384/ [索取号:C4/3] | 在馆 | |
| 12 | 2001233206 | 2001233206 | 中教(第二批第二书库)/山东中教(第二批)/1384/ [索取号:C4/3] | 在馆 | |
| 13 | 2001233207 | 2001233207 | 中教(第二批第二书库)/山东中教(第二批)/1384/ [索取号:C4/3] | 在馆 | |
| 14 | 2001233208 | 2001233208 | 中教(第二批第二书库)/山东中教(第二批)/1384/ [索取号:C4/3] | 在馆 | |
| 15 | 2001233209 | 2001233209 | 中教(第二批第二书库)/山东中教(第二批)/1384/ [索取号:C4/3] | 在馆 | |
| 16 | 2001233210 | 2001233210 | 中教(第二批第二书库)/山东中教(第二批)/1384/ [索取号:C4/3] | 在馆 | |
| 17 | 2001233211 | 2001233211 | 中教(第二批第二书库)/山东中教(第二批)/1384/ [索取号:C4/3] | 在馆 | |
| 18 | 2001233212 | 2001233212 | 中教(第二批第二书库)/山东中教(第二批)/1384/ [索取号:C4/3] | 在馆 | |
| 19 | 2001233213 | 2001233213 | 中教(第二批第二书库)/山东中教(第二批)/1384/ [索取号:C4/3] | 在馆 | |
| 20 | 2001233214 | 2001233214 | 中教(第二批第二书库)/山东中教(第二批)/1384/ [索取号:C4/3] | 在馆 | |
| 21 | 2001233215 | 2001233215 | 中教(第二批第二书库)/山东中教(第二批)/1384/ [索取号:C4/3] | 在馆 | |
| 22 | 2001233216 | 2001233216 | 中教(第二批第二书库)/山东中教(第二批)/1384/ [索取号:C4/3] | 在馆 | |
| 23 | 2001233217 | 2001233217 | 中教(第二批第二书库)/山东中教(第二批)/1384/ [索取号:C4/3] | 在馆 | |
| 24 | 2001233218 | 2001233218 | 中教(第二批第二书库)/山东中教(第二批)/1384/ [索取号:C4/3] | 在馆 | |
| 25 | 2001233219 | 2001233219 | 中教(第二批第二书库)/山东中教(第二批)/1384/ [索取号:C4/3] | 在馆 | |
| 26 | 2001233220 | 2001233220 | 中教(第二批第二书库)/山东中教(第二批)/1384/ [索取号:C4/3] | 在馆 | |
| 27 | 2001233221 | 2001233221 | 中教(第二批第二书库)/山东中教(第二批)/1384/ [索取号:C4/3] | 在馆 | |
| 28 | 2001233222 | 2001233222 | 中教(第二批第二书库)/山东中教(第二批)/1384/ [索取号:C4/3] | 在馆 | |
| 29 | 2001233223 | 2001233223 | 中教(第二批第二书库)/山东中教(第二批)/1384/ [索取号:C4/3] | 在馆 | |
| 30 | 2001233224 | 2001233224 | 中教(第二批第二书库)/山东中教(第二批)/1384/ [索取号:C4/3] | 在馆 |